000 01081nam a22003257a 4500
003 CHAP
005 20230606114005.0
008 971013s1965 r 00010 d
010 _a40752
011 _a41724
035 _a45850
040 _cCHAP
090 _aFolleto 3544
110 _aENA. Departamento de Irrigación
_936698
245 _aInstructivo para el manejo del medidor de humedad Chapingo-63
260 _aChapingo, Méx. :
_bENA,
_c1965
300 _a(s.p.)
590 _aBATCH-UPD
_b10
_c20130110
_lUCH01
_h0948
590 _aBATCH-UPD
_b10
_c20130410
_lUCH01
_h0603
590 _aBATCH-UPD
_b10
_c20130914
_lUCH01
_h1657
590 _aCONVERSION
_b10
_c20130109
_lUCH01
_h1322
650 1 4 _aIrrigación
_xImplementos y maquinaria.
_960421
650 1 4 _aSuelos
_xHumedad.
_9110391
700 1 _aValle Florencia, Hebert del
_9117594
901 _aBK
942 _cFOLL
949 _aFolleto 3544
_bBC
_cFOLL
_d-104629
_eTS1
_i45850
_si
949 _aFolleto 3544
_bBC
_cFOLL
_d-104630
_eTS2
_fc.2
_i45850
_si
949 _aFolleto 3544
_bBC
_cUACH
_d-104631
_eUACH
_fc.3
_i45850
_si
999 _c40752
_d40752